| 000 -ლიდერი |
| ფიქსირებული სიგრძის საკონტროლო ველი |
01014nam a2200229Ia 4500 |
| 001 - საკონტროლო ნომერი |
| საკონტროლო ველი |
18337 |
| 003 - საკონტროლო ნომრის იდენტიფიკატორი |
| საკონტროლო ველი |
GE_BSU |
| 005 - ბოლო ოპერაციის თარიღი და დრო |
| საკონტროლო ველი |
20200109112706.0 |
| 008 - ფიქსირებული სიგრძის მონაცემთა ელემენტები - ზოგადი ინფორმაცია |
| ფიქსირებული სიგრძის საკონტროლო ველი |
181216s2016||||ge |||||||||||||| ||geo|| |
| 020 ## - წიგნის საერთაშორისო სტანდარტული ნომერი |
| International Standard Book Number |
9789941944079 |
| 040 ## - კატალოგიზაციის წყარო |
| Transcribing agency |
GE_BSU |
| 041 ## - ენის კოდი |
| Language code of text/sound track or separate title |
geo |
| 080 ## - უნივერსალური ათობითი კლასიფიკაციის ინდექსი |
| Universal Decimal Classification number |
328(479.224) ს-37 |
| 100 ## - მთავარი ჩანაწერი - პიროვნების სახელი |
| Personal name |
საჯაია, სერგი (გიორგი) |
| 9 (RLIN) |
6037 |
| 245 ## - ცნობა სათაურის შესახებ |
| Title |
შეთქმულთა თაღლითობანი აფხაზეთის ა\რ-ის უმაღლეს საბჭოში : |
| Remainder of title |
ნაწ 4 / |
| Statement of responsibility, etc |
სერგი (გიორგი) საჯაია; რედ: გივი კილასონია. |
| 264 ## - წარმოების, გამოცემის, დისტრიბუციის და სხვა ცნობები |
| გამოცემის, წარმოების, დისტრიბუციის... ადგილი |
თბილისი, |
| გამოცემის, წარმოების, დისტრიბუციის... თარიღი |
2016. |
| 300 ## - ფიზიკური აღწერა |
| Extent |
160 გვ. ; |
| Other physical details |
20 სმ. |
| 653 ## - INDEX TERM--UNCONTROLLED |
| Uncontrolled term |
აფხაზეთის ისტორია |
| 653 ## - INDEX TERM--UNCONTROLLED |
| Uncontrolled term |
აფხაზეთის უმაღლესი საბჭო |
| 700 ## - ADDED ENTRY--PERSONAL NAME |
| Personal name |
კილასონია, გივი |
| Relator term |
რედაქტორი |
| 9 (RLIN) |
6039 |
| 942 ## - ADDED ENTRY ELEMENTS (KOHA) |
| Koha item type |
წიგნი |
| Source of classification or shelving scheme |
|